Statistics for Songs That Went Diamond (10 x Platinum)

Click here to take the quiz!

General Stats

  • This quiz has been taken 24 times
  • The average score is 5 of 13

Answer Stats

ArtistYearSong% Correct
JB (featuring L)2010Baby
76%
KP2010Firework
52%
KP2013Dark Horse
48%
E (featuring R)2010Love The Way You Lie
48%
EJ1997Candle In The Wind 1997
43%
M&RL (featuring W)2012Thrift Shop
38%
E2010Not Afraid
33%
LG2008Poker Face
33%
CRJ2012Call Me Maybe
24%
MR 9featuring BM)2014UpTown Funk!
24%
LG2009Bad Romance
19%
ID2012Radioactive
14%
FGL2012Cruise
5%

Score Distribution

Percentile by Number Answered

Percent of People with Each Score

Your Score History

You have not taken this quiz